LEADER 01199nam 2200253la 450 001 9910481220003321 005 20221102155116.0 035 $a(UK-CbPIL)2090334049 035 $a(CKB)5500000000084144 035 $a(EXLCZ)995500000000084144 100 $a20221102d1543 uy | 101 0 $agre 135 $aurcn||||a|bb| 200 10$aLibanoiou sophistou Paraskeue? eis tous tou De?mosthe?nous lo?gous, en e? sunoptico?s kai? tou autou bion pare?chetai. Libanij sophistæ Praeparatio in Demosthenis orationes, in qua etiam eiusdem vita paucis exhibetur: Latine? versa per Renatum Guillonium 210 $aParis $c[s.n.]$d1543 215 $aOnline resource (16 p., 4°.) 300 $aReproduction of original in Biblioteca Nazionale Centrale di Firenze. 700 $aLibanius$f314-393.$0172673 801 0$bUk-CbPIL 801 1$bUk-CbPIL 906 $aBOOK 912 $a9910481220003321 996 $aLibanoiou sophistou Paraskeu? eis tous tou D?mosthénous lógous, en ? sunopticõs kaì tou autou bion paréchetai. Libanij sophistæ Praeparatio in Demosthenis orationes, in qua etiam eiusdem vita paucis exhibetur: Latinè versa per Renatum Guillonium$92070262 997 $aUNINA